[Event "Titled Tue 24th Jun Early"]
[Site "chess.com INT"]
[Date "2025.06.24"]
[Round "2"]
[White "Mizzi, Jack"]
[Black "Ilinca, Felix-Antonio"]
[Result "0-1"]
[WhiteTitle "CM"]
[BlackTitle "IM"]
[WhiteElo "2107"]
[BlackElo "2431"]
[WhiteFideId "5602521"]
[BlackFideId "54764998"]
[EventDate "2025.06.24"]

1. d4 Nf6 2. c4 e6 3. Nf3 d5 4. g3 Bb4+ 5. Nbd2 Bd6 6. Bg2 O-O 7. O-O b6 8. Qc2
Bb7 9. b3 Nbd7 10. Bb2 c5 11. Rac1 Rc8 12. Qb1 Qe7 13. Rfd1 Rfd8 14. e3 h6 15.
Ne1 cxd4 16. exd4 Ba8 17. Ndf3 Ne4 18. Nd3 Ndf6 19. Nde5 dxc4 20. bxc4 Bb8 21.
a3 Bd6 22. Qa2 Ng5 23. Nxg5 hxg5 24. Bxa8 Rxa8 25. Nc6 Qb7 26. Nxd8 Rxd8 27. c5
Bc7 28. c6 Qc8 29. Qc4 Nd5 30. Re1 g6 31. a4 Kg7 32. Ba3 Rh8 33. Kg2 Rh5 34. Qe2
Qh8 35. Rh1 Kg8 36. Qe4 Qf6 37. Bb2 Kg7 38. Ba1 Rh8 39. Rb1 a6 40. Qd3 Ra8 41.
Rhe1 Rh8 42. Rh1 Ra8 43. Rhf1 a5 44. Rh1 Rh8 45. Qe4 Kg8 46. Rbc1 Rh7 47. Rc2
Rh5 48. Bb2 Rh7 49. Bc1 Rh5 50. Bd2 Qd8 51. Rb2 Nf6 52. Qf3 g4 53. Qd3 Qd5+ 54.
f3 Rf5 55. Rf1 Qxc6 56. Rc2 Qb7 57. Kg1 gxf3 58. g4 Nxg4 59. h3 Bh2+ 60. Kh1 f2+ 0-1

[Event "Titled Tue 24th Jun Early"]
[Site "chess.com INT"]
[Date "2025.06.24"]
[Round "2"]
[White "Harsha, Bharathakoti"]
[Black "Karpenko, Anton"]
[Result "0-1"]
[WhiteTitle "GM"]
[BlackTitle "CM"]
[WhiteElo "2527"]
[BlackElo "2219"]
[WhiteFideId "5078776"]
[BlackFideId "34374353"]
[EventDate "2025.06.24"]

1. Nf3 Nf6 2. b3 c5 3. Bb2 b6 4. g3 Bb7 5. Bg2 e6 6. O-O Be7 7. c4 a6 8. d4 cxd4
9. Qxd4 d6 10. Rd1 Nbd7 11. Nc3 O-O 12. Qf4 Qb8 13. Rac1 b5 14. cxb5 axb5 15.
Qb4 Bxf3 16. Bxf3 Ra7 17. a3 Ne5 18. Nxb5 Nxf3+ 19. exf3 d5 20. Qd4 Ra8 21. a4
Rc8 22. Rxc8+ Qxc8 23. Rc1 Qd8 24. Kg2 Ne8 25. Qf4 Bg5 26. Qg4 Bxc1 27. Bxc1 Nf6
28. Qd4 Ne8 29. Bb2 f6 30. f4 Nd6 31. Qe3 Qd7 32. Nd4 Re8 33. Nf3 Nf5 34. Qd3 h5
35. a5 Qb7 36. Nd4 Nxd4 37. Bxd4 e5 38. a6 Qa8 39. Bc5 d4+ 40. Kh3 Qc8+ 41. Kg2
Qxc5 42. Qg6 Qc6+ 43. Kh3 Qe6+ 44. f5 Qf7 45. b4 Rb8 46. Qxf7+ Kxf7 47. a7 Ra8 0-1

[Event "Titled Tue 24th Jun Early"]
[Site "chess.com INT"]
[Date "2025.06.24"]
[Round "2"]
[White "Carlsen, Magnus"]
[Black "Aarit Kapil"]
[Result "1/2-1/2"]
[WhiteTitle "GM"]
[BlackTitle "CM"]
[WhiteElo "2837"]
[BlackElo "2078"]
[WhiteFideId "1503014"]
[BlackFideId "33408947"]
[EventDate "2025.06.24"]

1. d4 Nf6 2. c4 e6 3. Nc3 Bb4 4. a3 Bxc3+ 5. bxc3 d6 6. f3 O-O 7. e4 e5 8. Ne2
b6 9. g4 Ba6 10. Ng3 Nc6 11. Bg5 h6 12. Be3 Na5 13. g5 Nh7 14. gxh6 g6 15. c5
Bxf1 16. Kxf1 Nc4 17. Bf2 Ng5 18. Qe2 Nxf3 19. h4 Ncd2+ 20. Kg2 f5 21. exf5 gxf5
22. Rad1 Nxh4+ 23. Rxh4 Qxh4 24. Rxd2 f4 25. Qe4 Qxh6 26. Nf1 Qg5+ 27. Kh1 Kf7
28. Qh7+ Qg7 29. Qxg7+ Kxg7 30. dxe5 dxe5 31. Rd5 Rae8 32. Kg2 Kf6 33. Kf3 e4+
34. Ke2 Ke6 35. c4 Rd8 36. cxb6 axb6 37. Rh5 Rd3 38. Bh4 Rg8 39. Bg5 Kf5 40.
Bh6+ Kg6 41. Rh4 f3+ 42. Kf2 Rh8 43. Bg5 Rxh4 44. Bxh4 Rxa3 45. Bd8 Rc3 46. Bxc7
Rxc4 47. Bxb6 Rc2+ 48. Kg3 Rg2+ 49. Kf4 Re2 1/2-1/2

[Event "Titled Tue 24th Jun Early"]
[Site "chess.com INT"]
[Date "2025.06.24"]
[Round "2"]
[White "Klimkowski, Jan"]
[Black "Zaksaite, Salomeja"]
[Result "1-0"]
[WhiteTitle "GM"]
[BlackTitle "WGM"]
[WhiteElo "2508"]
[BlackElo "2133"]
[WhiteFideId "21856222"]
[BlackFideId "12801496"]
[EventDate "2025.06.24"]

1. d4 Nf6 2. c4 g6 3. Nc3 Bg7 4. e4 d6 5. Be2 O-O 6. Be3 Nbd7 7. h4 h5 8. f3 c5
9. d5 a6 10. Nh3 Qc7 11. Nf2 e6 12. g4 exd5 13. cxd5 b5 14. g5 Ne8 15. f4 b4 16.
Na4 Nb6 17. Nxb6 Qxb6 18. b3 Bc3+ 19. Kf1 Bxa1 20. Qxa1 a5 21. Nd3 Ng7 22. Nb2
a4 23. Nxa4 Qd8 24. Qf6 Ba6 25. Bxa6 Rxa6 26. Bxc5 Rxa4 27. bxa4 dxc5 28. Qxd8
Rxd8 29. Ke2 Ne8 30. Rc1 Nd6 31. Ke3 c4 32. a5 Kf8 33. e5 Nf5+ 34. Ke4 c3 35.
Rb1 Rc8 36. Kd3 Ke7 37. a6 Ra8 38. Rxb4 Rxa6 39. a4 Nxh4 40. Kxc3 Nf5 41. Rb7+
Ke8 42. Kb4 h4 43. Kb5 Ra8 44. Rc7 h3 45. Rc3 Nd4+ 46. Kc5 Ne2 47. Rxh3 1-0

[Event "Titled Tue 24th Jun Early"]
[Site "chess.com INT"]
[Date "2025.06.24"]
[Round "2"]
[White "Rohde, Michael"]
[Black "Golsta, Madara"]
[Result "0-1"]
[WhiteTitle "GM"]
[WhiteElo "2246"]
[BlackElo "2008"]
[WhiteFideId "2000172"]
[BlackFideId "11607386"]
[EventDate "2025.06.24"]

1. Nf3 d5 2. c4 dxc4 3. Na3 c5 4. Nxc4 Nc6 5. g3 g6 6. Bg2 Bg7 7. O-O Nf6 8. d3
O-O 9. Be3 Nd4 10. Nxd4 cxd4 11. Bf4 Nd5 12. Be5 Be6 13. Bxg7 Kxg7 14. Rc1 b5
15. Ne5 Rc8 16. Nc6 Qb6 17. Ne5 Qd6 18. Nf3 Nf6 19. Qd2 Bxa2 20. Qa5 Be6 21.
Qxa7 Rfd8 22. Rxc8 Bxc8 23. Rc1 Bg4 24. h3 Bf5 25. Qc7 h5 26. Qxd6 Rxd6 27. Rc7
Nd5 28. Rb7 b4 29. Nxd4 Bc8 30. Rb8 Ba6 31. Bxd5 Rxd5 32. Rxb4 Bc8 33. Kg2 e5
34. Nf3 Ra5 35. Rc4 Be6 36. Rc7 Kf6 37. Nd2 Ra2 38. Ne4+ Kf5 39. Rb7 Bd5 40. Kf3
Bxb7 41. Ke3 Rxb2 42. Nd6+ Ke6 43. Ne4 Rb4 44. Nc5+ Kd6 45. Ne4+ Bxe4 46. dxe4
Rb3+ 47. Kd2 Rb2+ 48. Ke3 Ra2 49. f3 Ra5 50. g4 Ra1 0-1

[Event "Titled Tue 24th Jun Early"]
[Site "chess.com INT"]
[Date "2025.06.24"]
[Round "2"]
[White "Sanhueza, Cristian"]
[Black "Szpar, Milosz"]
[Result "0-1"]
[WhiteTitle "FM"]
[BlackTitle "IM"]
[WhiteElo "2213"]
[BlackElo "2495"]
[WhiteFideId "116815"]
[BlackFideId "1184989"]
[EventDate "2025.06.24"]

1. e4 e6 2. d4 d5 3. Nd2 c5 4. Ngf3 Nc6 5. Bb5 a6 6. Bxc6+ bxc6 7. O-O Nf6 8.
exd5 cxd5 9. c4 Be7 10. dxc5 Bxc5 11. b3 O-O 12. Bb2 a5 13. a3 Bb7 14. Ne5 Qb6
15. cxd5 Bxd5 16. Ndc4 Qb7 17. Ne3 Qxb3 18. Nxd5 Qxd5 19. Qxd5 Nxd5 20. Rac1 Bd6
21. Nc4 Be7 22. a4 Bb4 23. Be5 Rfc8 24. g3 Rc6 25. Nd6 Rxd6 26. Bxd6 Bxd6 27.
Rc6 Bb4 28. Rfc1 g6 29. f4 h5 30. Kg2 Kg7 31. Kf3 Rb8 32. h3 Bd2 33. Rd1 Rb3+
34. Kf2 Be3+ 35. Kf1 Bxf4 36. Rxd5 exd5 37. gxf4 Rb4 38. Ke2 Rxf4 39. Rc5 Rxa4
40. Rxd5 Rh4 41. Rd3 a4 42. Ra3 Rb4 43. Kf2 h4 44. Kg2 Rb2+ 45. Kh1 Rb4 46. Kg2
Kf6 47. Rf3+ Ke6 48. Ra3 f5 49. Kh2 g5 50. Kg2 Kf6 51. Rc3 Rb2+ 52. Kg1 Rb3 53.
Rc6+ Kg7 54. Ra6 a3 55. Kh2 Rb2+ 56. Kh1 a2 0-1

[Event "Titled Tue 24th Jun Early"]
[Site "chess.com INT"]
[Date "2025.06.24"]
[Round "2"]
[White "Garcia Molina, Jose"]
[Black "Scheffner, Axel"]
[Result "1-0"]
[WhiteTitle "FM"]
[BlackTitle "FM"]
[WhiteElo "2156"]
[BlackElo "2236"]
[WhiteFideId "32030592"]
[BlackFideId "4602803"]
[EventDate "2025.06.24"]

1. Nf3 c6 2. e4 d5 3. Nc3 dxe4 4. Nxe4 Bg4 5. h3 Bxf3 6. Qxf3 e6 7. g3 Nd7 8.
Bg2 Ngf6 9. O-O Be7 10. d3 O-O 11. Bd2 Qb6 12. b3 Rad8 13. Rfe1 Nxe4 14. Qxe4
Bf6 15. Rad1 Rfe8 16. a4 a6 17. Qe2 Qc5 18. Be3 Bd4 19. Bxd4 Qxd4 20. Qd2 Nf6
21. Qa5 Qd7 22. Re2 h6 23. Rde1 Nd5 24. Qd2 Qc7 25. Re5 Nf6 26. Qf4 Qb6 27. g4
Qd4 28. Qg3 Qc3 29. R1e2 Rd4 30. g5 Nh5 31. Qf3 Nf4 32. Re1 hxg5 33. Qd1 f6 34.
R5e4 Nxg2 35. Kxg2 Rxe4 36. Rxe4 Qc5 37. Qe2 Qd5 38. Kg1 Qf5 39. Kh2 e5 40. a5
Kf7 41. Kg2 Rh8 42. Re3 Rh4 43. Qe1 Rf4 44. f3 Rh4 45. Qg3 Qf4 46. Re4 Qxg3+ 47.
Kxg3 Rxe4 48. dxe4 Ke6 49. Kf2 g6 50. Ke3 f5 51. Kd3 Kd6 52. Kc4 c5 53. c3 Kc6
54. b4 cxb4 55. cxb4 b6 56. axb6 Kxb6 57. Kd5 fxe4 58. fxe4 Kb5 59. Kxe5 Kxb4
60. Kd5 a5 61. e5 a4 62. e6 a3 63. e7 a2 64. e8=Q a1=Q 65. Qb8+ Ka3 66. Qa7+ Kb2
67. Qxa1+ Kxa1 68. Ke5 Kb2 69. Kf6 Kc3 70. Kxg5 Kd4 71. Kxg6 Ke5 72. h4 1-0

[Event "Titled Tue 24th Jun Early"]
[Site "chess.com INT"]
[Date "2025.06.24"]
[Round "2"]
[White "Goldin, Roman"]
[Black "Livaic, Leon"]
[Result "0-1"]
[WhiteTitle "FM"]
[BlackTitle "GM"]
[WhiteElo "2299"]
[BlackElo "2550"]
[WhiteFideId "2803860"]
[BlackFideId "14531534"]
[EventDate "2025.06.24"]

1. e4 d6 2. d4 Nf6 3. Nc3 e5 4. Nf3 Nbd7 5. g3 g6 6. Bg2 Bg7 7. O-O O-O 8. h3 c6
9. a4 a5 10. Re1 Re8 11. b3 exd4 12. Nxd4 Nb6 13. Ba3 d5 14. e5 Ne4 15. Nxe4
dxe4 16. Rxe4 Nd5 17. Qe1 Qb6 18. Bd6 Be6 19. c4 Nb4 20. Rd1 Rad8 21. Qe3 Bc8
22. Kh2 h5 23. c5 Qa6 24. Bf1 Qa8 25. Bc4 Nd5 26. Qf3 Be6 27. Nxe6 fxe6 28. g4
h4 29. Bxd5 exd5 30. Rf4 Bxe5 31. Bxe5 Rxe5 32. Rf6 Rf8 33. Rxg6+ Kh7 34. Rf6
Kg7 35. Rxf8 Qxf8 36. Qxf8+ Kxf8 37. Rd4 Re2 38. Kg2 Rc2 39. b4 Rc4 40. Rd3 Rxb4
41. Rf3+ Kg7 42. Rf5 Rxa4 43. Rg5+ Kf6 44. Rf5+ Ke6 45. Rh5 d4 46. Rxh4 d3 47.
Rh6+ Ke5 48. Rd6 Rd4 49. Rh6 d2 0-1

[Event "Titled Tue 24th Jun Early"]
[Site "chess.com INT"]
[Date "2025.06.24"]
[Round "2"]
[White "Veiga, Jose Francisco R P Neves"]
[Black "Cardenas Carbajal, Nilson"]
[Result "1-0"]
[WhiteTitle "IM"]
[BlackTitle "CM"]
[WhiteElo "2390"]
[BlackElo "2041"]
[WhiteFideId "1930087"]
[BlackFideId "8401128"]
[EventDate "2025.06.24"]

1. e4 e5 2. Nf3 Nc6 3. Bb5 a6 4. Ba4 Nf6 5. O-O b5 6. Bb3 Bc5 7. c3 d6 8. d4 Bb6
9. a4 Bb7 10. Re1 h6 11. Bc2 O-O 12. h3 exd4 13. cxd4 Nb4 14. Nbd2 Nxc2 15. Qxc2
c5 16. d5 c4 17. Nf1 Re8 18. Ng3 Rc8 19. Nf5 Qd7 20. Bf4 b4 21. Nxd6 Bc7 22.
Nxe8 Bxf4 23. Nxf6+ gxf6 24. Rad1 c3 25. Nd4 cxb2 26. Qxb2 Be5 27. Rc1 Rxc1 28.
Rxc1 Qxa4 29. Qc2 b3 30. Nxb3 a5 31. Qc4 Qa3 32. Qb5 a4 33. Qxb7 axb3 34. Rb1 b2
35. Qc8+ Kg7 36. Qc2 Qa2 37. g3 Qa3 38. Kg2 h5 39. f4 Bd4 40. Qd2 Bc3 41. Qe2
Qa2 42. Qc2 Qc4 43. Rxb2 Qd4 44. Rb3 Ba5 45. Rd3 Qxe4+ 46. Kh2 Bb6 47. d6 Qe1
48. Qg2 h4 49. g4 1-0

[Event "Titled Tue 24th Jun Early"]
[Site "chess.com INT"]
[Date "2025.06.24"]
[Round "2"]
[White "Brancaleoni, Maurizio"]
[Black "Moroni, Luca Jr"]
[Result "0-1"]
[WhiteTitle "FM"]
[BlackTitle "GM"]
[WhiteElo "2185"]
[BlackElo "2549"]
[WhiteFideId "803022"]
[BlackFideId "865834"]
[EventDate "2025.06.24"]

1. Nf3 g6 2. e4 Bg7 3. d4 d6 4. Bd3 Nf6 5. O-O O-O 6. Re1 Nc6 7. d5 Nb8 8. c4 c6
9. Nc3 Nbd7 10. h3 Nc5 11. Bc2 a5 12. Be3 Nfd7 13. Bd4 Ne5 14. Nxe5 Bxe5 15. Qd2
Qb6 16. Rab1 Bxd4 17. Qxd4 f6 18. f4 Na4 19. Qxb6 Nxb6 20. Bd3 e5 21. fxe5 fxe5
22. Rf1 Nd7 23. Na4 Rxf1+ 24. Rxf1 Rb8 25. dxc6 bxc6 26. b3 Kg7 27. Rf3 Nf6 28.
Nc3 Be6 29. Kf1 h6 30. Ke1 Kf7 31. Kd2 Ke7 32. g4 Nd7 33. Na4 g5 34. Ke3 Rd8 35.
Rf2 Nf8 36. Rc2 c5 37. Nc3 Ng6 38. Bf1 Nf4 39. Rd2 Rh8 40. Nb5 Rd8 41. Na7 Bd7
42. a4 h5 43. gxh5 Nxh5 44. Rg2 Rg8 45. Rf2 Nf4 46. Rh2 Rh8 47. Nb5 g4 48. h4 g3
49. Rd2 Rxh4 50. Nxd6 g2 51. Bxg2 Nxg2+ 52. Rxg2 Kxd6 53. Rg6+ Be6 54. Rg8 Bxg8 0-1

[Event "Titled Tue 24th Jun Early"]
[Site "chess.com INT"]
[Date "2025.06.24"]
[Round "2"]
[White "Jval Saurin Patel"]
[Black "Jake Shanty"]
[Result "0-1"]
[WhiteTitle "FM"]
[BlackTitle "FM"]
[WhiteElo "2331"]
[BlackElo "2252"]
[WhiteFideId "25968343"]
[BlackFideId "33478066"]
[EventDate "2025.06.24"]

1. d4 Nf6 2. c4 g6 3. Nc3 Bg7 4. e4 d6 5. f4 O-O 6. Nf3 c5 7. d5 Nbd7 8. Be2 a6
9. O-O b5 10. cxb5 axb5 11. Bxb5 Ba6 12. Qe2 Bxb5 13. Qxb5 Qc7 14. Re1 Rfb8 15.
Qe2 Qb7 16. h3 Nb6 17. a4 Nfd7 18. a5 Qa6 19. Nd2 Rb7 20. Ra3 Nc8 21. Nf3 Qxe2
22. Rxe2 Rba7 23. e5 dxe5 24. fxe5 Rxa5 25. Rxa5 Rxa5 26. Bf4 Ncb6 27. e6 fxe6
28. dxe6 Nf8 29. Bg5 Ra7 30. Nb5 Rb7 31. Nd6 Ra7 32. Nb5 Rb7 33. h4 Nc4 34. Na3
Nxb2 35. g4 c4 36. h5 c3 37. h6 Bh8 38. Bc1 Nd3 39. Be3 Nxe6 40. g5 Nef4 41.
Bxf4 Nxf4 42. Re4 Nd5 43. Rd4 Bxd4+ 44. Nxd4 Ne3 45. Kf2 c2 46. Naxc2 Nxc2 0-1

[Event "Titled Tue 24th Jun Early"]
[Site "chess.com INT"]
[Date "2025.06.24"]
[Round "2"]
[White "Ugarte Soto, Cesar"]
[Black "Rahmilevitz, Anton"]
[Result "1-0"]
[WhiteTitle "CM"]
[WhiteElo "2088"]
[BlackElo "2243"]
[WhiteFideId "3601331"]
[BlackFideId "2809699"]
[EventDate "2025.06.24"]

1. d4 Nf6 2. Bg5 Ne4 3. Bf4 d6 4. Nd2 Nxd2 5. Qxd2 b6 6. Nf3 Bb7 7. e3 g6 8. Be2
Bg7 9. O-O O-O 10. c3 c5 11. a4 Nc6 12. Rfd1 Na5 13. Qe1 Rc8 14. b4 cxb4 15.
cxb4 Nc4 16. Qf1 d5 17. h3 Qd7 18. b5 Rfd8 19. Rdc1 h6 20. Qd1 Qe6 21. Qb3 Na5
22. Qb4 Nc4 23. Qb3 Qf5 24. Bd3 Qd7 25. Qb4 Bf8 26. Qb3 Bg7 27. Qb4 Qe6 28. Qb3
Na5 29. Qb4 Kh7 30. Be5 Bf8 31. Bf4 Rxc1+ 32. Rxc1 Rc8 33. Rxc8 Qxc8 34. Qb2 Bg7
35. Be5 Bf8 36. Bf4 Nc4 37. Qc2 Bg7 38. h4 a6 39. h5 axb5 40. hxg6+ fxg6 41.
Bxg6+ Kg8 42. axb5 Na3 43. Qa4 Nc4 44. Qc2 Qg4 45. Bf5 Qh5 46. Be6+ Kh8 47. g4
Qh3 48. Qe2 Bf6 49. g5 hxg5 50. Bxh3 gxf4 51. exf4 Nd6 52. Qe6 Ne4 53. Bf5 Kg7
54. Ne5 Nd2 55. Qf7+ Kh8 56. Ng6# 1-0

[Event "Titled Tue 24th Jun Early"]
[Site "chess.com INT"]
[Date "2025.06.24"]
[Round "2"]
[White "Fedotov, Nikita2"]
[Black "Fiorito, Francisco"]
[Result "1/2-1/2"]
[WhiteTitle "FM"]
[BlackTitle "IM"]
[WhiteElo "2278"]
[BlackElo "2433"]
[WhiteFideId "24161446"]
[BlackFideId "180165"]
[EventDate "2025.06.24"]

1. Nf3 Nf6 2. c4 b6 3. Nc3 Bb7 4. d4 e6 5. a3 d5 6. cxd5 Nxd5 7. Qc2 Be7 8. e4
Nxc3 9. bxc3 O-O 10. Bd3 c5 11. Be3 cxd4 12. cxd4 Nd7 13. e5 h6 14. h4 Rc8 15.
Qd2 Qc7 16. Kf1 Qc3 17. Qxc3 Rxc3 18. Ke2 Rfc8 19. h5 Bd5 20. Bd2 R3c7 21. a4
Nb8 22. a5 Nc6 23. axb6 axb6 24. Ke3 Bxf3 25. gxf3 Nxd4 26. Kxd4 Rd8+ 27. Ke4
Rcd7 28. Be3 Rxd3 29. Bxb6 R8d7 30. Ra8+ Kh7 31. Ra7 Rxa7 32. Bxa7 Ra3 33. Be3
Ra4+ 34. Kd3 Ra5 35. Ke4 Ra4+ 36. Kd3 Bd8 37. Rh3 Bc7 38. f4 Ra3+ 39. Ke4 Kg8
40. Rh1 Ra4+ 41. Kf3 Rc4 42. Rd1 Kf8 43. Rd7 Ke8 44. Rd1 f6 45. exf6 gxf6 46.
Rg1 Rc5 47. Kg4 f5+ 48. Kf3 Rc3 49. Rg6 Kf7 50. Rxh6 Bb6 51. Rh7+ Kf6 52. Rh6+
Kf7 53. Rh7+ Kf6 54. Rh6+ Kf7 1/2-1/2

[Event "Titled Tue 24th Jun Early"]
[Site "chess.com INT"]
[Date "2025.06.24"]
[Round "2"]
[White "Mateus, Martha"]
[Black "Tovmasian, Vardges"]
[Result "0-1"]
[WhiteTitle "WIM"]
[BlackTitle "IM"]
[WhiteElo "1972"]
[BlackElo "2352"]
[WhiteFideId "4401549"]
[BlackFideId "13302736"]
[EventDate "2025.06.24"]

1. d4 Nf6 2. c4 c5 3. d5 b5 4. cxb5 a6 5. bxa6 g6 6. Nc3 Bxa6 7. e4 Bxf1 8. Kxf1
Bg7 9. Nf3 O-O 10. g3 d6 11. Kg2 Nbd7 12. a4 Qb6 13. Qe2 Ne8 14. Nb5 Nc7 15.
Nxc7 Qxc7 16. Ra3 Rfb8 17. b3 Qa5 18. Bd2 Qa6 19. Qxa6 Rxa6 20. Rb1 Nb6 21. Ra2
f5 22. exf5 gxf5 23. Nh4 Rf8 24. b4 cxb4 25. Rxb4 Nxd5 26. Rb5 e6 27. a5 Rc8 28.
Nf3 h6 29. Rb7 Rc7 30. Rxc7 Nxc7 31. Bb4 Kf7 32. Rc2 Nd5 33. Bd2 e5 34. Nh4 Ke6
35. Rc8 e4 36. Re8+ Kf7 37. Rc8 Ne7 38. Rb8 Bd4 39. Rb7 Ke6 40. h3 Nc6 41. g4
fxg4 42. hxg4 Nxa5 43. Bxa5 Rxa5 44. Rh7 Ra2 45. Rxh6+ Kd5 46. Rh5+ Kc4 47. Rf5
e3 48. Kg3 e2 49. Ng2 Ra1 50. g5 Rg1 51. Kf3 Rxg2 52. Kxe2 d5 53. Kf1 Rg4 54. f3
Rg3 55. Ke2 Rg2+ 56. Kf1 Rf2+ 57. Ke1 Rh2 58. Rf4 Kd3 59. Rg4 Rh1+ 0-1

[Event "Titled Tue 24th Jun Early"]
[Site "chess.com INT"]
[Date "2025.06.24"]
[Round "2"]
[White "Haraguchi, Diego Sashaki"]
[Black "Berg, Vadim Daskevich"]
[Result "1-0"]
[BlackTitle "IM"]
[WhiteElo "2179"]
[BlackElo "2445"]
[WhiteFideId "22729925"]
[BlackFideId "11601965"]
[EventDate "2025.06.24"]

1. e4 c5 2. Nf3 d6 3. c3 Nf6 4. d4 Nxe4 5. Bd3 d5 6. O-O cxd4 7. Re1 dxc3 8.
Bxe4 dxe4 9. Qa4+ Bd7 10. Qxe4 Bc6 11. Qg4 Qd7 12. Qg3 c2 13. Nc3 Bxf3 14. Qxf3
Nc6 15. Bf4 e6 16. Qg3 f6 17. Rac1 Kf7 18. Rxc2 Bb4 19. Rd1 Qe7 20. Ne4 Rhd8 21.
Rf1 Nd4 22. Qd3 Nxc2 23. Qxc2 Rac8 24. Qe2 e5 25. Be3 b6 26. h4 Bc5 27. h5 Bxe3
28. fxe3 h6 29. Qg4 Rc6 30. b4 a6 31. a4 b5 32. axb5 axb5 33. Kh2 Kg8 34. Ng3
Rc4 35. e4 Qf7 36. Nf5 Kh7 37. Rf3 Rxb4 38. Rg3 Rd7 39. Qe2 Rc4 40. Rg6 b4 41.
Rxg7+ Qxg7 42. Nxg7 Rcc7 43. Nf5 b3 44. Qe3 b2 45. Qxh6+ Kg8 46. Qg6+ Kh8 47.
Qxf6+ Kh7 48. Qg6+ Kh8 49. Qb6 Rb7 50. Qf6+ Kh7 51. Qg6+ Kh8 52. Nh6 Rg7 53. Qf6
b1=Q 54. Nf5 Qb4 55. h6 Rf7 56. hxg7+ Kg8 57. Nh6+ Kh7 58. g8=Q# 1-0

[Event "Titled Tue 24th Jun Early"]
[Site "chess.com INT"]
[Date "2025.06.24"]
[Round "2"]
[White "Burovic, Rijad"]
[Black "Zhigalko, Sergei"]
[Result "0-1"]
[WhiteTitle "IM"]
[BlackTitle "GM"]
[WhiteElo "2420"]
[BlackElo "2572"]
[WhiteFideId "14407701"]
[BlackFideId "13502956"]
[EventDate "2025.06.24"]

1. e4 c5 2. d3 Nc6 3. g3 g6 4. Bg2 Bg7 5. f4 d6 6. Nf3 Nf6 7. O-O O-O 8. h3 Rb8
9. Nc3 b5 10. g4 b4 11. Ne2 a5 12. Be3 a4 13. Rb1 Nd7 14. g5 Ba6 15. Rf2 c4 16.
d4 c3 17. b3 axb3 18. axb3 d5 19. exd5 Na5 20. Ra1 Bb5 21. Ne5 Rc8 22. Ng3 Qc7
23. h4 Nb7 24. Nc6 Nb6 25. Nxb4 Nd6 26. h5 Ra8 27. Rc1 Rac8 28. Qf3 Qd7 29. f5
gxf5 30. Nxf5 Nxf5 31. Qxf5 Qxf5 32. Rxf5 Bd7 33. Rf4 e5 34. dxe6 fxe6 35. Rxf8+
Bxf8 36. Nd3 Nd5 37. Bf2 Be8 38. Bf3 Be7 39. Bh4 Bb5 40. Ne5 Rf8 41. Kg2 Ne3+
42. Kg3 Nf5+ 43. Kg4 Nxd4 44. Be4 Bd6 45. Nd3 Ne2 46. Re1 Nd4 47. Bg2 Bd7 48.
Kh3 Nxc2 49. Re2 e5+ 50. Kg3 Nd4 51. Re4 c2 52. Rxd4 exd4+ 0-1

[Event "Titled Tue 24th Jun Early"]
[Site "chess.com INT"]
[Date "2025.06.24"]
[Round "2"]
[White "Seder, Mohammed"]
[Black "Storn, Justin"]
[Result "1-0"]
[WhiteTitle "FM"]
[WhiteElo "2075"]
[BlackElo "2073"]
[WhiteFideId "11505567"]
[BlackFideId "30922720"]
[EventDate "2025.06.24"]

1. d4 g6 2. e4 Bg7 3. Be3 d6 4. Qd2 c5 5. Nc3 cxd4 6. Bxd4 Nf6 7. f3 Nc6 8. Be3
O-O 9. Bc4 a6 10. a4 Rb8 11. Nge2 Ne5 12. Bb3 b5 13. axb5 axb5 14. Bh6 Nc4 15.
Qc1 Bxh6 16. Qxh6 Nxb2 17. Rb1 b4 18. Rxb2 bxc3 19. Bxf7+ Kxf7 20. Rxb8 Qc7 21.
Rb3 Ba6 22. Qe3 Rc8 23. Rxc3 Qa5 24. O-O Rxc3 25. Qxc3 Qxc3 26. Nxc3 Bxf1 27.
Kxf1 g5 28. Ke2 Ke6 29. Ke3 Ke5 30. g3 h5 31. f4+ gxf4+ 32. gxf4+ Ke6 33. h3 Nd7
34. Ne2 Nf6 35. Kd4 Kd7 36. Ng3 h4 37. Nf5 Nh5 38. Ke3 e5 39. fxe5 dxe5 40. Nxh4
Nf4 41. Nf3 Nxh3 42. Nxe5+ Ke6 43. Nd3 Ng5 44. c4 Nf7 45. Kd4 Kd6 46. e5+ Kc6
47. e6 Nd6 48. c5 Nb5+ 49. Ke5 Nc7 50. Kf6 Kd5 51. e7 Kd4 52. Kf7 Kxd3 53. e8=Q
Nd5 54. Qd7 Kd4 55. c6 Kc5 56. Qxd5+ Kxd5 57. c7 Kd6 58. c8=Q 1-0

[Event "Titled Tue 24th Jun Early"]
[Site "chess.com INT"]
[Date "2025.06.24"]
[Round "2"]
[White "Llari, Marc"]
[Black "Martinez, Shawn"]
[Result "1/2-1/2"]
[WhiteTitle "FM"]
[WhiteElo "2334"]
[BlackElo "1921"]
[WhiteFideId "651044269"]
[BlackFideId "2039770"]
[EventDate "2025.06.24"]

1. Nf3 d5 2. g3 c6 3. Bg2 g6 4. O-O Bg7 5. d4 Nf6 6. c4 O-O 7. cxd5 cxd5 8. Ne5
Bf5 9. Nc3 Nc6 10. Bf4 Rc8 11. Rc1 Ne4 12. Nxe4 dxe4 13. Nxc6 Rxc6 14. Rxc6 bxc6
15. Qc2 Qxd4 16. Qxc6 Qxb2 17. Bxe4 Qxa2 18. Bxf5 gxf5 19. Qb5 e6 20. h4 a6 21.
Qd3 Bf6 22. Bh6 Rd8 23. Qe3 a5 24. Bg5 Qb2 25. Kh2 Bd4 26. Qf3 Rd5 27. e3 Be5
28. Bf4 a4 29. Bxe5 Qxe5 30. Rc1 a3 31. Rc8+ Kg7 32. Qh5 h6 33. e4 Rd2 34. exf5
Rxf2+ 35. Kh3 Qxf5+ 36. Qxf5 Rxf5 37. Ra8 Rf3 38. Kg4 Rb3 39. Kf4 Kf6 40. g4
Rb4+ 41. Kf3 Rb3+ 42. Kf4 e5+ 43. Ke4 Rb4+ 44. Kf3 Rb3+ 45. Ke4 Rg3 46. Ra6+ Kg7
47. Kxe5 Rxg4 48. Rxa3 Rxh4 49. Kf5 Rh5+ 50. Kg4 Rg5+ 51. Kf4 Rg1 52. Ra6 h5 53.
Ra3 Kg6 54. Ra6+ f6 55. Ra8 Rg4+ 56. Kf3 Kg5 57. Rg8+ Kh4 58. Rf8 Kg5 59. Rg8+
Kf5 60. Rh8 Rh4 61. Kg3 Rg4+ 62. Kf3 Rg5 63. Ra8 h4 64. Rh8 Rg3+ 65. Kf2 Kg4 66.
Rg8+ Kf5 67. Rh8 Kg5 68. Ra8 f5 69. Rg8+ Kf4 70. Rh8 Rh3 71. Kg2 Rg3+ 72. Kf2
Kg4 73. Rg8+ Kf4 74. Rh8 1/2-1/2

[Event "Titled Tue 24th Jun Early"]
[Site "chess.com INT"]
[Date "2025.06.24"]
[Round "2"]
[White "Xiong, Jeffery"]
[Black "Karttunen, Mika"]
[Result "1-0"]
[WhiteTitle "GM"]
[BlackTitle "IM"]
[WhiteElo "2639"]
[BlackElo "2490"]
[WhiteFideId "2047640"]
[BlackFideId "502081"]
[EventDate "2025.06.24"]

1. e4 e5 2. Nf3 Nc6 3. Nc3 Nf6 4. d4 exd4 5. Nxd4 Bb4 6. Nxc6 bxc6 7. Bd3 d5 8.
exd5 O-O 9. O-O Bg4 10. f3 Bh5 11. dxc6 Qd4+ 12. Kh1 Bxc3 13. bxc3 Qxc3 14. Rb1
a6 15. Rb3 Qxc6 16. Bb2 Bg6 17. Qa1 Rfd8 18. Rc1 Nh5 19. Be5 Rac8 20. Ra3 Bxd3
21. cxd3 Qb5 22. Qc3 Rd5 23. Bxc7 Qd7 24. Qc4 a5 25. Rac3 Re8 26. Bb6 h6 27. a4
Qe6 28. Bf2 Red8 29. Re1 Qd7 30. Bb6 Rf8 31. d4 Nf4 32. Qc6 Qf5 33. Bc5 Rc8 34.
Qb7 Kh7 35. Rce3 Qc2 36. Qb1 Qxb1 37. Rxb1 Ne6 38. Bb6 Rc4 39. Ra3 Rb4 40. Rxb4
axb4 41. Rb3 Nxd4 42. Rxb4 Nc2 43. Rb1 Rd3 44. a5 Ra3 45. Kg1 Ra2 46. h4 f5 47.
h5 g6 48. hxg6+ Kxg6 49. Kh2 f4 50. Kh3 Kf5 51. Rb5+ Ke6 52. Kg4 Ne3+ 53. Kxf4
Nxg2+ 54. Kg3 Kf6 55. Rh5 Kg6 56. Rh2 1-0